000 01190nam a2200313 i 4500
003 EG-GICUC
005 20260121101520.0
008 251217s1976 ua ||||fr|||| 00| 0 ara d
017 _a19713672
040 _a EG-GICUC
_bara
_c EG-GICUC
_d EG-GICUC
_erda
041 _aara
082 0 4 _221
_a343.6
_bس ا . م
092 0 4 _221
099 _aLaw1 10 343.6 س ا . م 1976
100 0 _aسامح السيد احمد جاد
_eمؤلف.
245 1 0 _aمبادئ علم الإجرام وعلم العقاب /
_cسامح السيد احمد جاد.
264 1 _a[مكان النشر غير محدد] :
_b[ الناشر غير محدد],
_c1976.
300 _a 319 صفحة ؛
_c24 سم.
336 _2rda content
_atext
337 _2rda media
_aComputer
338 _2rda carrier
_aOnline Resource
504 _aيحتوي على ارجاعات ببليوجرافية
546 _aالنص أغلبه باللغة العربية مع بعض النصوص الفرنسية
650 1 4 _aعلم الإجرام
_2qrmak
650 1 4 _aعلم العقاب
_2qrmak
856 4 0 _uhttps://fll.law.cu.edu.eg/fulltext/bks/B10-07277.pdf
905 _a75
_eHassnaa
942 _2ddc
_cBK
_e21
_n0
999 _c51372
_d51372